Normal view
MARC view
- METAL OXIDE SEMICONDUCTORS COMPLEMENTARY DESIGN AND CONSTRUCTION TRANSISTOR TRANSISTOR LOGIC CIRCUITS DESIGN AND CONSTRUCTION BIPOLAR INTEGRATED CIRCUITS DESIGN AND CONSTRUCTION
Entry Topical Term
001 - CONTROL NUMBER
- control field: 75778
003 - CONTROL NUMBER IDENTIFIER
- control field: NUST
005 - DATE AND TIME OF LATEST TRANSACTION
- control field: 20210628205506.0
008 - FIXED-LENGTH DATA ELEMENTS
- fixed length control field: 210628|| aca||aabn | a|a d
040 ## - CATALOGING SOURCE
- Original cataloging agency: NUST
- Transcribing agency: NUST
150 ## - HEADING--TOPICAL TERM
- Topical term or geographic name entry element: METAL OXIDE SEMICONDUCTORS COMPLEMENTARY DESIGN AND CONSTRUCTION TRANSISTOR TRANSISTOR LOGIC CIRCUITS DESIGN AND CONSTRUCTION BIPOLAR INTEGRATED CIRCUITS DESIGN AND CONSTRUCTION
670 ## - SOURCE DATA FOUND
- Source citation: Work cat.: (NUST): Buchanan, James E 75777, Bicmos-cmos systems design, 1991
